banner-ar

Plantes De La Maison / (Record no. 17574)

MARC details
000 -الفاتح
حقل البيانات ثابتة الطول 00324nam a2200133Ia 4500
008 - عناصر البيانات ثابتة الطول - معلومات عامة
حقل البيانات ثابتة الطول 140319s9999 xx 000 0 eng d
040 ## - مصدر الفهرسة
وكالة الفهرسة الأصلية GCL /
وكالة النسخ GCL
082 04 - رقم تصنيف ديوى العشرى
رقم التصنيف 635.9
رقم المادة H P
100 1# - المدخل الرئيسى - إسم شخصى
الإسم الشخصى HAAGER, JIRI
245 10 - بيان العنوان
العنوان Plantes De La Maison /
بيان المسئوليه,etc HAAGER, JIRI
260 ## - PUBLICATION, DISTRIBUTION, ETC. (IMPRINT)
تاريخ النشر أو التوزيع 1979
300 ## - الوصف المادى
التعداد 279
260 ## - PUBLICATION, DISTRIBUTION, ETC. (IMPRINT)
-- [S.N] :
-- GRUND ،
Holdings
حالة التراجع حالة الفقد حالة تلف ليس للاعارة المكان المؤقت الموقع الحالى تاريخ الاكتساب اجمالي اﻻعارات رقم الطلب الباركود تاريخ اخر مشاهدة تاريخ تفعيل السعر نوع وعاء كوها
        مكتبة القاهرة الكبرى مكتبة القاهرة الكبرى 03/26/2014   635.9\H P 31771 03/26/2014 03/26/2014 كتاب

Powered By

EGPV